000 00288nam a2200121Ia 4500
008 140130s9999 xx 000 0 und d
245 _cBoomer Esiason
_aBoy Named Boomer, A
260 _bScholastic,
_c1995
440 _v1
521 _aGrade 1 - Grade 2
942 _cBK
999 _c40319
_d40319